Statistics for Every World Cup 2022 Goalscorer

Click here to take the quiz!

General Stats

  • This quiz has been taken 410 times
    (102 since last reset)
  • The average score is 71 of 116

Answer Stats

National teammetástasisTeamPlayer% Correct
ARGENTINA7Paris Saint-Germain (FRA)Lionel Messi
97%
ENGLAND2Tottenham Hotspur (ENG)Harry Kane
96%
FRANCE8Paris Saint-Germain (FRA)Kylian Mbappé
94%
ENGLAND3Manchester United (ENG)Marcus Rashford
94%
PORTUGAL1Manchester United (ENG)Cristiano Ronaldo
92%
ARGENTINA4Manchester City (ENG)Julián Álvarez
92%
ENGLAND3Arsenal (ENG)Bukayo Saka
91%
ENGLAND1Borussia Dortmund (GER)Jude Bellingham
90%
FRANCE4Milan (ITA)Olivier Giroud
90%
POLAND2Barcelona (ESP)Robert Lewandowski
90%
ARGENTINA1Brighton (ENG)Alexis Mac Allister
88%
CANADA1Bayern München (GER)Alphonso Davies
88%
PORTUGAL2Manchester United (ENG)Bruno Fernandes
88%
UNITED STATES1Chelsea (ENG)Christian Pulišić
88%
NETHERLANDS1Barcelona (ESP)Frenkie de Jong
87%
BRAZIL3Paris Saint-Germain (FRA)Neymar Júnior
87%
BRAZIL2Real Madrid (ESP)Vinícius Júnior
86%
SPAIN1Barcelona (ESP)Gavi
85%
BRAZIL3Tottenham Hotspur (ENG)Richarlison
85%
SPAIN3Atlético de Madrid (ESP)Álvaro Morata
83%
ECUADOR3Fenerbahçe (TUR)Enner Valencia
83%
WALES1Los Angeles (USA)Gareth Bale
83%
PORTUGAL2Milan (ITA)Rafael Leão
81%
PORTUGAL3Benfica (POR)Gonçalo Ramos
79%
ENGLAND1Liverpool (ENG)Jordan Henderson
79%
ARGENTINA1Benfica (POR)Enzo Fernández
78%
CROATIA1Tottenham Hotspur (ENG)Ivan Perišić
78%
FRANCE1Eintracht Frankfurt (GER)Kolo Muani
78%
BRAZIL1West Ham (ENG)Lucas Paquetá
78%
ENGLAND1Manchester City (ENG)Phil Foden
78%
FRANCE1Juventus (ITA)Adrien Rabiot
77%
SERBIA2Fulham (ENG)Aleksandar Mitrović
77%
FRANCE1Real Madrid (ESP)Aurélien Tchouaméni
77%
BRAZIL1Manchester United (ENG)Casemiro
77%
DENMARK1Barcelona (ESP)Andreas Christensen
76%
NETHERLANDS1Inter (ITA)Denzel Dumfries
76%
GERMANY2Chelsea (ENG)Kai Havertz
76%
SENEGAL1Chelsea (ENG)Kalidou Koulibaly
76%
UNITED STATES1Lille (FRA)Timothy Weah
76%
ARGENTINA1Juventus (ITA)Ángel Di María
74%
SPAIN1RB Leipzig (GER)Dani Olmo
74%
MOROCCO1Chelsea (ENG)Hakim Ziyech
74%
GERMANY1Manchester City (ENG)İlkay Gündoğan
74%
SWITZERLAND1Manchester City (ENG)Manuel Akanji
74%
IRAN2Porto (POR)Mehdi Taremi
74%
ENGLAND1Chelsea (ENG)Raheem Sterling
73%
FRANCE1Milan (ITA)Theo Hernandez
73%
NETHERLANDS3PSV Eindhoven (NED)Cody Gakpo
72%
ENGLAND1Manchester City (ENG)Jack Grealish
72%
PORTUGAL1Atlético de Madrid (ESP)João Félix
72%
NETHERLANDS1Barcelona (ESP)Memphis Depay
72%
POLAND1Napoli (ITA)Piotr Zieliński
71%
SERBIA1Juventus (ITA)Dušan Vlahović
69%
GERMANY2Werder Bremen (GER)Niclas Füllkrug
69%
CAMEROON1Al Nassr (KSA)Vincent Aboubakar
69%
GERMANY1Bayern München (GER)Serge Gnabry
68%
PORTUGAL1Borussia Dortmund (GER)Raphaël Guerreiro
67%
SPAIN2Barcelona (ESP)Ferran Torres
65%
SERBIA1Lazio (ITA)Sergej Milinković-Savić
65%
CROATIA1Hoffenheim (GER)Andrej Kramarić
64%
SENEGAL1Salernitana (ITA)Boulaye Dia
64%
CAMEROON1Bayern München (GER)Eric-Maxim Choupo-Moting
64%
NETHERLANDS2Beşiktaş (TUR)Wout Weghorst
64%
SWITZERLAND1Chicago Fire (USA)Xherdan Shaqiri
64%
SENEGAL1Watford (ENG)Ismaïla Sarr
63%
CROATIA1RB Leipzig (GER)Joško Gvardiol
63%
ARGENTINA1Atlético de Madrid (ESP)Nahuel Molina
63%
SPAIN1Real Madrid (ESP)Marco Asensio
62%
GHANA2Ajax (NED)Mohammed Kudus
60%
ECUADOR1Brighton (ENG)Moisés Caicedo
60%
BELGIUM1Fenerbahçe (TUR)Michy Batshuayi
59%
MOROCCO2Sevilla (ESP)Youssef En-Nesyri
59%
KOREA REPUBLIC2Jeonbuk Hyundai (KOR)Gue-Sung Cho
58%
NETHERLANDS1Ajax (NED)Daley Blind
55%
KOREA REPUBLIC1Ulsan Hyundai (KOR)Young-Gwon Kim
54%
SWITZERLAND2Monaco (FRA)Breel Embolo
53%
SPAIN1París Saint-Germain (FRA)Carlos Soler
53%
KOREA REPUBLIC1Wolverhampton (ENG)Hee-Chan Hwang
53%
SAUDI ARABIA2Al Hilal (KSA)Salem Al-Dawsari
53%
NETHERLANDS1Ajax (NED)Davy Klaassen
50%
TUNISIA1Montpellier (FRA)Wahbi Khazri
50%
PORTUGAL1Porto (POR)Pepe
47%
CROATIA1Dinamo Zagreb (CRO)Bruno Petković
46%
CROATIA1Dinamo Zagreb (CRO)Mislav Oršić
46%
JAPAN2Freiburg (GER)Ritsu Dōan
45%
CROATIA1Stade Rennais (FRA)Lovro Majer
42%
MEXICO1Pachuca (MEX)Luis Chávez
41%
PORTUGAL1Sporting Braga (POR)Ricardo Horta
40%
AUSTRALIA1Adelaide United (AUS)Craig Goodwin
38%
URUGUAY2Flamengo (BRA)Giorgian De Arrascaeta
38%
SWITZERLAND1Nottingham Forest (ENG)Remo Freuler
38%
GHANA1Al Sadd (QAT)André Ayew
37%
AUSTRALIA1Melbourne City (AUS)Mathew Leckie
37%
AUSTRALIA1Fagiano Okayama (JPN)Mitchell Duke
37%
UNITED STATES1Antalyaspor (TUR)Haji Wright
36%
CROATIA2Hajduk Split (CRO)Marko Livaja
36%
MEXICO1Club América (MEX)Henry Martín
35%
GHANA1Southampton (ENG)Mohammed Salisu
35%
JAPAN1Bochum (GER)Takuma Asano
35%
JAPAN1Celtic (SCO)Daizen Maeda
33%
SENEGAL1Olympique Marseille (FRA)Bamba Dieng
29%
QATAR1Al Duhail (QAT)Mohammed Muntari
29%
SERBIA1Salzburg (AUT)Strahinja Pavlović
28%
MOROCCO1Sampdoria (ITA)Abdelhamid Sabiri
26%
COSTA RICA1Herediano (CRC)Keysher Fuller
26%
MOROCCO1Toulouse (FRA)Zakaria Aboukhlal
23%
CAMEROON1Nantes (FRA)Jean-Carles Castelletto
22%
MOROCCO1Stade Brestois (FRA)Achraf Dari
21%
IRAN1Esteghlal (IRN)Roozbeh Cheshmi
19%
JAPAN1Fortuna Düsseldorf (GER)Ao Tanaka
18%
SAUDI ARABIA1Al Hilal (KSA)Saleh Al-Shehri
18%
COSTA RICA1Herediano (CRC)Yeltsin Tejeda
18%
SENEGAL1Alanyaspor (TUR)Famara Diédhiou
17%
GHANA1Crvena zvezda (SRB)Osman Bukari
15%
KOREA REPUBLIC1Jeonbuk Hyundai (KOR)Seung-Ho Paik
14%
IRAN1Sepahan (IRN)Ramin Rezaeian
8%

Score Distribution

Percentile by Number Answered

Percent of People with Each Score

Your Score History

You have not taken this quiz since the last reset